| 000 | 00734nam a22002177a 4500 | ||
|---|---|---|---|
| 001 | 6980 | ||
| 003 | FISKH | ||
| 005 | 20250613143228.0 | ||
| 008 | 250612b cb ||||| |||| 00| 0 eng d | ||
| 040 |
_aFISKH _beng _cFISKH _dFISKH |
||
| 050 | _aPZ7.V8678 T | ||
| 082 | _a813 | ||
| 100 | _aVogt, Esther Loewen | ||
| 245 |
_aTurkey red / _cEsther Loewen Vogt |
||
| 260 |
_aWinnipeg : _bKindred Press, _c1986. |
||
| 300 |
_a104 pages : _billustrations ; _c18 cm |
||
| 520 | _aRelates the adventures of a young Mennonite girl and her family newly arrived from Russia as they try to accustom themselves to their new life on the Kansas prairie. | ||
| 650 |
_aMennonite History _vYouth Fiction |
||
| 942 |
_2ddc _cBK _n0 |
||
| 999 |
_c6980 _d6980 |
||